Capitanes de plástico /

Ernesto tiene los mismos problemas de cualquier chaval de su edad; por ejemplo los pequeños conflictos con su hermano Miguel. Pero él los resuelve refugiándose en la fantasía y convirtíendolos en apasionantes aventuras.

Guardado en:
Autor Principal: Mateos, Pilar.
Formato: Libro
Idioma:Undetermined
Publicado: Madrid : SM, 1998.
Series:El barco de vapor
Materias:
Etiquetas: Agregar Etiqueta
Sin Etiquetas, Sea el primero en etiquetar este registro!
LEADER 01024nam a22002415a 4500
001 CEM.cems019723
008 221012s1998####sp############000#0#und#d
005 20221107102718.0
245 1 0 |a Capitanes de plástico /  |c Pilar Mateos. 
260 |a Madrid :  |b SM,  |c 1998. 
300 |a 96 p. ;  |c 20 cm. 
490 1 |a El barco de vapor 
500 |a Contiene además: Chico o chica?. 
520 |a Ernesto tiene los mismos problemas de cualquier chaval de su edad; por ejemplo los pequeños conflictos con su hermano Miguel. Pero él los resuelve refugiándose en la fantasía y convirtíendolos en apasionantes aventuras. 
020 |a 843481157 
100 1 |a Mateos, Pilar. 
082 0 4 |a 863.4 
653 |a Literatura Infantil 
653 |a Literatura Juvenil 
653 |a Literatura Española 
859 |a CEMS  |b BIB. CEMS - Inicial y Primaria  |h 863.4  |i M417-1  |k IP  |p 1896  |t Ej.1 
859 |a CEMS  |b BIB. CEMS - Inicial y Primaria  |h 863.4  |i M417-1  |k IP  |p 1897  |t Ej.2 
859 |a CEMS  |b BIB. CEMS - Inicial y Primaria  |h 863.4  |i M417-1  |k IP  |p 1898  |t Ej.3